جامع العلوم والحكم في شرح خمسين حديثا من جوامع الكلم / (رقم التسجيلة. 26586)

تفاصيل مارك
000 -الفاتح
عناصر البيانات ثابتة الطول 00710cam a2200157 i 4500
005 - تاريخ ووقت آخر معاملة
حقل ضبط 20251111093417.0
008 - عناصر البيانات ثابتة الطول
عناصر البيانات ثابتة الطول 250721b9999 xx gr 000 0 ara d
082 14 - رقم تصنيف ديوي العشري
رقم التصنيف 213
رقم المادة ر ج ب
100 1# - مدخل رئيسي – اسم شخصي
الاسم الشخصي إبن رجب، زين الدين أبو الفرج عبد الرحمن
علاقة الشخص بالعمل/ دوره مؤلف.
245 10 - بيان العنوان
العنوان جامع العلوم والحكم في شرح خمسين حديثا من جوامع الكلم /
بيان المسؤولية تأليف زين الدين أبي الفرج عبد الرحمن بن شهاب ابن احمد بن رجب الحنبلي البغدادي.
264 31 - بيانات النشر، التوزيع…إلخ
اسم الناشر، الموزع...إلخ دار التراث،
تاريخ النشر، التوزيع...إلخ [ بين 1900 و 1999].
300 ## - الوصف المادي
عدد الوحدات المكونة للوعاء 400 صفحة.
650 17 - مدخل إضافي بالموضوع - مصطلح موضوعي
مصطلح موضوعي أو اسم جغرافي كعنصر مدخل الحديث النبوي.
942 ## - بيانات إضافية (كوها)
نوع التنصيف Dewey Decimal Classification
نوع المادة (كوها) مراجع
المقتنيات
حالة السحب حالة الفقدان مصدر التصنيف حالة التلف غير قابل للإعارة المكتبة الرئيسية المكتبة الحالية موقع الرف تاريخ التزويد الرقم المتسلسل Total Checkouts رقم الإستدعاء الباركود تاريخ آخر ظهور تاريخ الفاتورة نوع المادة (كوها)
    Dewey Decimal Classification   Not For Loan المكتبة المركزية المكتبة المركزية مراجع 06/07/2004 335915   م / 213 / ر ج ب 335915 28/07/2025 06/07/2004 مراجع
    Dewey Decimal Classification   Not For Loan مكتبة بدر الجديدة للأطفال مكتبة بدر الجديدة للأطفال الأطفال 28/07/2025 401020   م/213/رجب 401020 28/07/2025 28/07/2025 مراجع
Implemented & Customized by: BBB with SCIT (Smart Chains for Information Technology)

Powered by Koha